| 000 | 00766 a2200193 4500 | ||
|---|---|---|---|
| 003 | 0 | ||
| 005 | 20251110142526.0 | ||
| 040 | _cNust | ||
| 082 | _a621.382,MAS | ||
| 100 |
_aMasood, NC Aamir (TCC-04) _9131748 |
||
| 245 |
_aPC based software and hardware interfacing of a commercial digital switch / _cNC Aamir Masood, CJUO Muhammad Amjad, Syed Muhammad Ali and Ghulam Nazik |
||
| 260 |
_aRawalpindi _bMCS (UET Lahore) _c1996 |
||
| 300 | _a75 p.; | ||
| 505 | _rIntroduction to communication switching (Page-1), Theoretical background (Page-21), Digital switch (Page-35), The interfacing circuitry (Page-47), Software (Page-60). | ||
| 650 |
_aUG Priject _9131749 |
||
| 651 |
_aTCC-4 _9131746 |
||
| 700 |
_aSupervised by Maj Raja Iqbal _9131750 |
||
| 942 |
_cPR _2ddc |
||
| 999 |
_c182279 _d182279 |
||